Beyond the hype of the hyperloop (Record no. 121139)
[ view plain ]
| 000 -LEADER | |
|---|---|
| fixed length control field | 00760nas a22001937a 4500 |
| 001 - CONTROL NUMBER | |
| control field | K121139 |
| 007 - PHYSICAL DESCRIPTION FIXED FIELD--GENERAL INFORMATION | |
| fixed length control field | ta |
| 008 - FIXED-LENGTH DATA ELEMENTS--GENERAL INFORMATION | |
| fixed length control field | 191021b2019 ||||| |||| 00| 0 eng d |
| 041 ## - LANGUAGE CODE | |
| Language code of text/sound track or separate title | eng |
| 245 ## - TITLE STATEMENT | |
| Title | Beyond the hype of the hyperloop |
| 260 ## - PUBLICATION INFORMATION | |
| Date | 2019 |
| 490 ## - SERIES TITLE | |
| Series statement | Modus |
| Volume | June 2019. 10-11(2) |
| 520 ## - ABSTRACT | |
| Abstract | Discussion with five experts into whether the turbocharged tube is the solution to modern day transport problems. The experts were Brandon Kluzniak, Virgin Hyperloop One in Los Angeles, Drew Thompson, Black and Veatch in Kansas, Ira Gupta, an independent consultant and David Levinson, University of Sydney. |
| 650 ## - KEYWORDS | |
| Keywords | TURBOCHARGED TUBE |
| 650 ## - KEYWORDS | |
| Keywords | HYPERLOOP |
| 650 ## - KEYWORDS | |
| Keywords | TRANSPORT |
| 651 ## - SUBJECT ADDED ENTRY--GEOGRAPHIC NAME | |
| Geographic name | United Kingdom |
| 690 ## - LOCAL SUBJECT ADDED ENTRY--TOPICAL TERM (OCLC, RLIN) | |
| 9 (RLIN) | 6246 |
| Topical term or geographic name as entry element | Infrastructure |
| Withdrawn status | Lost status | Source of classification or shelving scheme | Damaged status | Not for loan | Home library | Current library | Shelving location | Date acquired | Total Checkouts | Date last seen | Price effective from | Koha item type |
|---|---|---|---|---|---|---|---|---|---|---|---|---|
| Dewey Decimal Classification | London | London | Gallery | 21/10/2019 | 21/10/2019 | 21/10/2019 | Journal article |